| 000 | 00878nam a2200217Ia 4500 | ||
|---|---|---|---|
| 999 |
_c51640 _d51640 |
||
| 001 | 18631 | ||
| 003 | GE_BSU | ||
| 005 | 20210525133453.0 | ||
| 008 | 181216s1997||||ge |||||||||||||| ||geo|| | ||
| 040 | _cGE_BSU | ||
| 041 | _ageo | ||
| 080 | _a37 | ||
| 100 |
_aბიბილეიშვილი, იური _9800 |
||
| 245 |
_aიან ამოს კომენსკი და ქართული პედაგოგიური აზროვნება / _cბიბილეიშვილი, იური. |
||
| 264 |
_aთბილისი, _c1997. |
||
| 300 |
_a308 გვ. _b30 სმ. |
||
| 653 | _aდისერტაცია | ||
| 653 | _aიან ამოს კომენსკი და ქართული პედაგოგიური აზროვნება | ||
| 653 | _aპედაგოგიკა | ||
| 942 |
_cBK _2udc |
||